| 000 | 00818cam a2200241 a 4500 | ||
|---|---|---|---|
| 001 | 000036434 | ||
| 005 | 20200930075729.0 | ||
| 008 | 830921s1982 sp b 001 0 spa | ||
| 020 | _a8437603625 | ||
| 040 |
_aDO-SdBNP _bspa _cBNPHU |
||
| 082 |
_axxxx _bL925a |
||
| 100 | 1 |
_aLozano, Jorge. _94670 |
|
| 245 | 1 | 0 |
_aAnálisis del discurso : _bhacia una semiótica de la interacción textual / _cJorge Lozano, Cristina Peña Marín, Gonzalo Abril. |
| 260 |
_aMadrid : _bCátedra, _c1982. |
||
| 300 |
_a253 p. ; _c21 cm. |
||
| 504 | _aIncluye bibliográfica y notas al pie de las páginas | ||
| 650 | 4 |
_aAnálisis del discurso _92282 |
|
| 650 | 4 |
_aSemiótica _94668 |
|
| 650 | 4 |
_aActos del habla (linguística) _927856 |
|
| 700 | 1 |
_aPeña Marín, Cristina. _927857 |
|
| 700 | 1 |
_aAbril, Gonzalo. _927858 |
|
| 049 | _aBNGR | ||
| 999 |
_c35925 _d35925 |
||